Looking into the crystal ball
Hlavné trendy v úvahách o ďalšom vývoji podnikov a inštitúcií vo vzťahu k meniacim sa požiadavkám zákazníkov, ktoré odzneli na 7. Fóre akosti 1.10.1992 v New Yorku (rokovanie prenášané satelitom na vyše 3000 lokalít). Hlavným faktorom úspechu firiem má byť v budúcnosti včasné zhodnotenie situácie s...
Salvato in:
| Autore principale: | |
|---|---|
| Natura: | Capitolo di libro |
| Lingua: | inglese |
| Soggetti: | |
| Tags: |
Nessun Tag, puoi essere il primo ad aggiungerne!!
|
MARC
| LEADER | 00000naa a2200000 4500 | ||
|---|---|---|---|
| 001 | r014068 | ||
| 005 | 20221213084621.6 | ||
| 041 | 0 | |a eng | |
| 044 | |a US | ||
| 245 | 1 | 0 | |a Looking into the crystal ball |c T. Kelly |
| 520 | |a Hlavné trendy v úvahách o ďalšom vývoji podnikov a inštitúcií vo vzťahu k meniacim sa požiadavkám zákazníkov, ktoré odzneli na 7. Fóre akosti 1.10.1992 v New Yorku (rokovanie prenášané satelitom na vyše 3000 lokalít). Hlavným faktorom úspechu firiem má byť v budúcnosti včasné zhodnotenie situácie s razantnou zmenou koncepcie podniku. | ||
| 610 | 2 | 0 | |a podnik |
| 610 | 2 | 0 | |a zákazníci |
| 610 | 2 | 0 | |a kvalita |
| 610 | 2 | 0 | |a USA |
| 100 | 1 | |a Kelly, T. | |